Stranger Than Love

সংরক্ষণ করুন:
গ্রন্থ-পঞ্জীর বিবরন
প্রধান লেখক: Woolaston, Graeme
বিন্যাস: গ্রন্থ
ভাষা:ইংরেজি
ট্যাগগুলো: ট্যাগ যুক্ত করুন
কোনো ট্যাগ নেই, প্রথমজন হিসাবে ট্যাগ করুন!

MARC

LEADER 00000nam a2200000 4500
005 20240227142030.0
008 240227b |||||||| |||| 00| 0 eng d
040 |c C 
100 |a Woolaston, Graeme 
245 |a Stranger Than Love 
942 |2 ddc  |c BK  |n 0 
952 |0 0  |1 0  |2 ddc  |4 0  |6 823_914000000000000_WOO_STR  |7 1  |9 744  |a GE  |b GE  |d 2015-11-30  |l 0  |o 823.914 WOO STR  |p 2721  |r 2024-02-27 14:21:10  |w 2024-02-27  |y BK 
999 |c 700  |d 700